000 00411nam a2200181Ia 4500
001 4007
005 20260306145724.0
008 260306t1979||||xx |||||||||||||| ||spa||
041 _aESP
082 _a306.4
_bB38
100 _aBeltran, Miguel
_eAUT
245 0 _aCiencia y sociologĂ­a
260 _c1979
300 _a419 páginas :
_c20 cm.
650 _aGEN
654 _aCHU
942 _cLIB
_dJUS
_fJUS
_2ddc
_n
999 _c4007
_d4007